<?xml version="1.0" encoding="UTF-8"?>
<record
    xmlns:xsi="http://www.w3.org/2001/XMLSchema-instance"
    xsi:schemaLocation="http://www.loc.gov/MARC21/slim http://www.loc.gov/standards/marcxml/schema/MARC21slim.xsd"
    xmlns="http://www.loc.gov/MARC21/slim">

  <leader>00903naa a22002057a 4500</leader>
  <controlfield tag="003">BPK</controlfield>
  <controlfield tag="005">20190610114406.0</controlfield>
  <controlfield tag="008">161004b1991    pl ||||| |||| 10| 0 pol  </controlfield>
  <datafield tag="040" ind1=" " ind2=" ">
    <subfield code="c">BPK</subfield>
  </datafield>
  <datafield tag="100" ind1=" " ind2=" ">
    <subfield code="a">S&#x141;OWI&#x143;SKI, Bronis&#x142;aw.</subfield>
    <subfield code="d">1972 - 1996.</subfield>
    <subfield code="b">Wy&#x17C;sza Szko&#x142;a In&#x17C;ynierska w Koszalinie - Wydzia&#x142; Mechaniczny, </subfield>
    <subfield code="c">Zak&#x142;ad Technologii Maszyn</subfield>
  </datafield>
  <datafield tag="245" ind1=" " ind2=" ">
    <subfield code="a">Wp&#x142;yw liczno&#x15B;ci pr&#xF3;bki na dok&#x142;adno&#x15B;&#x107; wynik&#xF3;w bada&#x144; eksploatacyjnych &#x15B;ciernic ceramicznych /</subfield>
    <subfield code="c">Bronis&#x142;aw S&#x142;owi&#x144;ski.</subfield>
  </datafield>
  <datafield tag="260" ind1=" " ind2=" ">
    <subfield code="c">1991.</subfield>
  </datafield>
  <datafield tag="500" ind1=" " ind2=" ">
    <subfield code="a">Dane z listy publikacji prof. nadzw. dr hab. in&#x17C;. Bronis&#x142;awa S&#x142;owi&#x144;skiego.</subfield>
  </datafield>
  <datafield tag="650" ind1=" " ind2="0">
    <subfield code="a">Ceramika.</subfield>
  </datafield>
  <datafield tag="655" ind1=" " ind2="0">
    <subfield code="a">Materia&#x142;y konferencyjne.</subfield>
  </datafield>
  <datafield tag="650" ind1=" " ind2="0">
    <subfield code="a">&#x15A;ciernica</subfield>
  </datafield>
  <datafield tag="773" ind1=" " ind2=" ">
    <subfield code="i">W :</subfield>
    <subfield code="t">Materia&#x142;y XIV Naukowej Szko&#x142;y Obr&#xF3;bki &#x15A;ciernej. -</subfield>
    <subfield code="g">2004, s. 154-157</subfield>
  </datafield>
  <datafield tag="711" ind1=" " ind2=" ">
    <subfield code="a">Naukowa Szko&#x142;a Obr&#xF3;bki &#x15A;ciernej</subfield>
    <subfield code="n">(14 ;</subfield>
    <subfield code="d">1991 ;</subfield>
    <subfield code="c">Gda&#x144;sk, Polska).</subfield>
  </datafield>
  <datafield tag="942" ind1=" " ind2=" ">
    <subfield code="c">ART</subfield>
    <subfield code="2">UKD</subfield>
  </datafield>
  <datafield tag="999" ind1=" " ind2=" ">
    <subfield code="c">7724</subfield>
    <subfield code="d">7724</subfield>
  </datafield>
  <datafield tag="952" ind1=" " ind2=" ">
    <subfield code="0">0</subfield>
    <subfield code="1">0</subfield>
    <subfield code="4">0</subfield>
    <subfield code="7">0</subfield>
    <subfield code="a">BPK</subfield>
    <subfield code="b">BPK</subfield>
    <subfield code="y">ART</subfield>
  </datafield>
</record>
